000 00756nam a2200241 i 4500
001 bg
100 1 _aMACIEJCZAK, Marek
_d(1952- )
245 1 0 _aBrentano i Husserl :
_bpytanie epistemologiczne /
_cMarek Maciejczak.
260 _aWarszawa :
_bOficyna Wydawnicza Politechniki Warszawskiej,
_c2001.
300 _a186, [1] s. ;
_c24 cm.
504 _aBibliogr.
600 1 9 _aBrentano, Franz (1838-1917)
_xtwórczość
600 1 9 _aHusserl, Edmund (1859-1938)
_xtwórczość
650 9 _aFenomenologia
_xhistoria
_zNiemcy
_y19-20 w.
650 9 _aIntencjonalność
020 _a8372072892
040 _cBPK
041 0 _apl
080 _a1(430)"18/19"A/Z:165
920 _a83-7207-289-2
942 _cKS
008 s pl f |000 0 pol
999 _c40646
_d40646
856 _uhttp://koha.tu.koszalin.pl/cgi-bin/koha/opac-detail.pl?biblionumber=40646
_yKatalog online BPK